[Event "Mid Bohemia Region-chT 2223"]
[Site "Czech Republic"]
[Date "2022.10.09"]
[Round "1.8"]
[White "Kubice, Jakub"]
[Black "Gergelits, Tomas"]
[Result "1-0"]
[WhiteElo "1696"]
[BlackElo "1711"]
[PlyCount "63"]
[EventDate "2022.10.09"]
[EventType "team-tourn"]
[EventRounds "11"]
[EventCountry "CZE"]
[SourceTitle "EXT 2024"]
[Source "ChessBase"]
[SourceDate "2023.10.10"]
[SourceVersion "1"]
[SourceVersionDate "2023.10.10"]
[SourceQuality "1"]
[WhiteTeam "Lysa nad Labem Joly IV"]
[BlackTeam "Brodce"]
[WhiteTeamCountry "CZE"]
[BlackTeamCountry "CZE"]

1. d4 d5 2. c4 e6 3. Nf3 Nf6 4. g3 b6 5. Bg2 Bb7 6. 0-0 Nbd7 7. Bg5 Be7 8. Nc3 0-0 9. Ne5 Ne4 10. Nxe4 Nxe5 11. Bxe7 Qxe7 12. cxd5 exd5 13. Nc3 Ng6 14. Nxd5 Qd6 15. Nf4 Bxg2 16. Nxg2 Rfd8 17. e3 Qf6 18. Qc2 c5 19. dxc5 Rac8 20. b4 bxc5 21. bxc5 Ne5 22. Rad1 Nf3+ 23. Kh1 Qh6 24. Rxd8+ Rxd8 25. h4 g5 26. Rd1 Rxd1+ 27. Qxd1 g4 28. Qd8+ Kg7 29. Qd6 Qh5 30. Nf4 Qf5 31. e4 Qxe4 32. Nh5+ 1-0

[Event "Ricany op 20th"]
[Site "Ricany"]
[Date "2022.08.27"]
[Round "1"]
[White "Kubice, Jakub"]
[Black "Skypala, Ondrej"]
[Result "0-1"]
[WhiteElo "1750"]
[BlackElo "2140"]
[PlyCount "78"]
[EventDate "2022.08.27"]
[EventType "swiss"]
[EventRounds "9"]
[EventCountry "CZE"]
[SourceTitle "CBM 210 Extra"]
[Source "ChessBase"]
[SourceDate "2022.11.30"]
[SourceVersion "1"]
[SourceVersionDate "2022.11.30"]
[SourceQuality "1"]

1. d4 Nf6 2. Nf3 e6 3. g3 b6 4. Bg2 Bb7 5. 0-0 Be7 6. b3 0-0 7. Bb2 d6 8. c4 Nbd7 9. Nc3 Ne4 10. d5 Bf6 11. Nd4 Nxc3 12. Bxc3 Bxd4 13. Qxd4 e5 14. Qd3 f5 15. e4 f4 16. g4 h5 17. h3 hxg4 18. hxg4 Kf7 19. f3 Rh8 20. Kf2 Rh2 21. Rg1 Qh4+ 22. Kf1 Nf6 23. Be1 Qg5 24. Bf2 a5 25. a4 Bc8 26. Ke2 Bd7 27. Rae1 Rah8 28. Ref1 Qg6 29. Re1 Nh7 30. Ref1 Ng5 31. Re1 Bxg4 32. fxg4 Rxg2 33. Rxg2 f3+ 34. Qxf3+ Nxf3 35. Kxf3 Qf6+ 36. Ke2 Qf4 37. Be3 Qxe4 38. Rf2+ Ke8 39. Ref1 Rh3 0-1

[Event "Ricany op"]
[Site "Ricany"]
[Date "2020.08.29"]
[Round "9"]
[White "Lhotska, Anna"]
[Black "Kubice, Jakub"]
[Result "1-0"]
[WhiteElo "1793"]
[BlackElo "1724"]
[PlyCount "27"]
[EventDate "2020.08.22"]
[EventType "swiss"]
[EventRounds "9"]
[EventCountry "CZE"]
[SourceTitle "CBM 198 Extra"]
[Source "ChessBase"]
[SourceDate "2020.11.30"]
[SourceVersion "1"]
[SourceVersionDate "2020.11.30"]
[SourceQuality "1"]

1. e4 e5 2. Nf3 Nf6 3. Nxe5 d6 4. Nf3 Nxe4 5. Nc3 Nxc3 6. dxc3 Nc6 7. Be3 Be7 8. Qd2 Bf6 9. 0-0-0 Bg4 10. Bd3 Bxf3 11. gxf3 Qd7 12. Be4 0-0-0 13. Qd5 a6 14. Bf5 1-0

[Event "Ricany op"]
[Site "Ricany"]
[Date "2020.08.25"]
[Round "5"]
[White "Harcuba, Adam"]
[Black "Kubice, Jakub"]
[Result "1/2-1/2"]
[WhiteElo "1637"]
[BlackElo "1724"]
[PlyCount "25"]
[EventDate "2020.08.22"]
[EventType "swiss"]
[EventRounds "9"]
[EventCountry "CZE"]
[SourceTitle "CBM 198 Extra"]
[Source "ChessBase"]
[SourceDate "2020.11.30"]
[SourceVersion "1"]
[SourceVersionDate "2020.11.30"]
[SourceQuality "1"]

1. d4 d5 2. Nf3 c6 3. e3 Nd7 4. Bd3 Ngf6 5. Nbd2 g6 6. 0-0 Bg7 7. e4 Nxe4 8. Nxe4 dxe4 9. Bxe4 Nf6 10. Bd3 0-0 11. h3 Nd7 12. c3 e5 13. dxe5 1/2-1/2

[Event "CZE-chT2C 1819"]
[Site "Czech Republic"]
[Date "2019.02.10"]
[Round "8.6"]
[White "Kubice, Jakub"]
[Black "Ptacek, Tomas"]
[Result "1/2-1/2"]
[WhiteElo "1616"]
[BlackElo "2058"]
[PlyCount "38"]
[EventDate "2018.10.14"]
[EventType "team-tourn"]
[EventRounds "11"]
[EventCountry "CZE"]
[SourceTitle "EXT 2022"]
[Source "ChessBase"]
[SourceDate "2021.10.06"]
[SourceVersion "1"]
[SourceVersionDate "2021.10.06"]
[SourceQuality "1"]
[WhiteTeam "Lysa nad Labem IV"]
[BlackTeam "Hradec Kralove II"]
[WhiteTeamCountry "CZE"]
[BlackTeamCountry "CZE"]

1. d4 d5 2. Nf3 Nf6 3. c4 e6 4. g3 Be7 5. Bg2 0-0 6. 0-0 b6 7. cxd5 exd5 8. Ne5 Bb7 9. Nc3 Bd6 10. Bg5 c6 11. Qc2 h6 12. Bxf6 Qxf6 13. f4 Qe7 14. Rfe1 Bxe5 15. dxe5 Qc5+ 16. e3 Nd7 17. Qf2 Rfe8 18. Rad1 f6 19. Bh3 Qe7 1/2-1/2

[Event "Mlada Boleslav Region-ch"]
[Site "Mlada Boleslav"]
[Date "2015.06.21"]
[Round "5"]
[White "Kubice, Jakub"]
[Black "Hrdlicka, Jan"]
[Result "0-1"]
[WhiteElo "1308"]
[BlackElo "1187"]
[PlyCount "60"]
[EventDate "2015.06.20"]
[EventType "swiss"]
[EventRounds "7"]
[EventCountry "CZE"]
[SourceTitle "EXT 2017"]
[Source "ChessBase"]
[SourceDate "2016.10.25"]
[SourceVersion "1"]
[SourceVersionDate "2016.10.25"]
[SourceQuality "1"]

1. e4 e5 2. Nf3 Nf6 3. d3 Nc6 4. Be2 Bc5 5. Nc3 h6 6. Be3 Bb6 7. 0-0 d6 8. Na4 0-0 9. Nxb6 axb6 10. a4 Nh7 11. b3 Bg4 12. h3 Be6 13. Nh2 Qf6 14. Ng4 Qg6 15. f4 f5 16. exf5 Bxf5 17. fxe5 Nxe5 18. Nxe5 dxe5 19. Bf3 Bxh3 20. Bxb7 Rab8 21. Be4 Bf5 22. Rxf5 Rxf5 23. g4 Rbf8 24. Kh2 Rf2+ 25. Bxf2 Rxf2+ 26. Kg3 Qf6 27. Qc1 Ng5 28. c3 Nxe4+ 29. dxe4 Qf3+ 30. Kh4 Rh2# 0-1